Loading...
| Literature - American | 0 | 8 | 0 | 1 | 80 | 37 | 97.88 | 4 | 7 | 25.13 | 60.00 |
| Literature - World | 0 | 6 | 0 | 1 | 60 | 44 | 81.50 | 3 | 5 | 25.33 | 45.00 |
| History - World | 0 | 5 | 2 | 1 | 40 | 80 | 108.00 | 0 | 5 | 9.93 | 30.00 |
| Fine Arts - Classical Music | 0 | 3 | 0 | 0 | 30 | 99 | 109.00 | 0 | 3 | 3.13 | 15.00 |
| Literature - European | 0 | 2 | 0 | 0 | 20 | 107 | 108.00 | 2 | 2 | 3.91 | 17.50 |
| History - Other | 0 | 2 | 0 | 0 | 20 | 58 | 87.00 | 0 | 0 | 6.25 | 7.50 |
| Philosophy | 0 | 2 | 1 | 1 | 15 | 103 | 107.00 | 0 | 1 | 0.64 | 5.00 |
| Social Science | 0 | 1 | 0 | 0 | 10 | 61 | 61.00 | 0 | 0 | 4.45 | 2.50 |
| Geography | 0 | 1 | 0 | 0 | 10 | 103 | 103.00 | 0 | 1 | 10.69 | 12.50 |
| Popular Culture | 0 | 1 | 0 | 0 | 10 | 53 | 53.00 | 0 | 1 | 14.96 | 12.50 |
| Current Events | 0 | 1 | 0 | 0 | 10 | 54 | 54.00 | 1 | 1 | 29.07 | 50.00 |
| Fine Arts - Painting and Sculpture | 0 | 1 | 1 | 0 | 5 | 92 | 92.00 | 0 | 1 | 2.58 | 5.00 |
| Fine Arts - Other | 0 | 2 | 3 | 0 | 5 | 97 | 105.50 | 0 | 2 | 2.80 | 12.50 |
| Literature - British | 0 | 2 | 3 | 0 | 5 | 50 | 71.00 | 1 | 2 | 9.66 | 15.00 |
| History - European | 0 | 1 | 1 | 0 | 5 | 107 | 107.00 | 0 | 0 | 0.85 | 2.50 |
| Science - Other | 0 | 0 | 0 | 0 | 0 | 0.00 | 0 | 0 | 0.00 | 0.00 | |
| Mythology | 0 | 0 | 1 | 0 | -5 | 0.00 | 0 | 0 | 0.00 | 0.00 |